000 00534nam a2200193 a 4500
001 1771666074668
003 YourLibrary
005 20260221145946.0
008 260221s2000##################000#0#eng##
020 _a9780805827330
082 0 4 _a338.433621
_bBIC
100 1 _aBickel, Warren K.,
_eauthor.
245 1 0 _aReframing Health Behavior Change with Behavioral Economics :
260 _bPsychology Press,
_c2000.
300 _a417 pages
650 0 _aMedical.
942 _cENGLISH
040 _aYourLibrary
_beng
_cYourLibrary
999 _c615252
_d615252